00937nam a2200193 a 4500008004100000020001800041050001500059100001900074245006500093250001200158260003500170300004100205650001300246650002400259995014800283995014800431995014700579999001700726130422s2012 ||||||||||||||||| || u a9780538498876 aQA 303 Ste aStewart, James10aCalculus: early transcendentals. (7th ed.)cby James Stewart a7th ed. aAustralia:bBrookes/Colec2012 axxviii, 1170p. various pagings: ill. 0aCALCULUS aCALCULUS--TEXTBOOKS aMAIN LIBRARY OPEN ACCESSe743507FCBU-MAIN LIBRARY (Kitwe)jQA 303 SteM2UAVAILABLEWApr 22, 2013y743507ZMain Library Open Access Collection aMAIN LIBRARY OPEN ACCESSe743508FCBU-MAIN LIBRARY (Kitwe)jQA 303 SteM3UAVAILABLEWApr 22, 2013y743508ZMain Library Open Access Collection aANNEX COLLECTION (Main Library)e743506FCBU-MAIN LIBRARY (Kitwe)jQA 303 SteM1UAVAILABLEWApr 22, 2013y743506ZAnnex Low-Usage Collection  c79112d79112